Mapa anglické gramatiky /

Hlavní autor: Crabbe, Gary
Další autoři: Taťoun, Pavel Alexander, 1954-, Soják, Stanislav
Jazyk: Angličtina
Vydáno: Dubicko : INFOA, 1992
Témata:
Fyzický popis: Nestr. : barev. ilustr., tab.
Knihy
Uloženo v:
LEADER 01339nam a2200361 a 4500
001 000006116
003 CZ BrMZK
005 20211115133601.0
007 ta
008 940228s1992 xr a e f 000 eng d
015 |a cnb000097606 
020 |a 80-901005-2-X  |c 31.00 
040 |a BOA001  |b cze 
080 |a 811.111  |2 MRF 
080 |a 81'36  |2 MRF 
080 |a (035)  |2 MRF 
080 |a (048.8)  |2 MRF 
100 1 |a Crabbe, Gary  |7 ola2007364552 
245 1 0 |a Mapa anglické gramatiky /  |c Gary Crabbe, Stanislav Soják ; Ilustr. Pavel Alexander Taťoun 
260 |a Dubicko :  |b INFOA,  |c 1992 
300 |a Nestr. :  |b barev. ilustr., tab. 
650 0 7 |a angličtina  |7 ph114056  |2 czenas 
650 0 7 |a mluvnice  |7 ph115331  |2 czenas 
655 7 |a příručky  |7 fd133209  |2 czenas 
655 7 |a přehledy  |7 fd133202  |2 czenas 
700 1 |a Taťoun, Pavel Alexander,  |d 1954-  |7 ola2006345367 
700 1 |a Soják, Stanislav  |7 jn20020717352 
910 |a BOA001  |b X2-0996.850  |b PK-N-0031.297 
920 |a 000400946 
990 |a BK 
996 7 |b 2610006094  |c X2-0996.850  |l MZK  |r Sklad / do 24 hodin  |n 8  |p p.v.  |w 000006116  |u 000010  |a 1  |e BOA001  |j MZK50  |s A 
996 6 |b 2610007654  |c X2-0996.850  |l MZK  |r Sklad / do 24 hodin  |n 2  |p kup  |w 000006116  |u 000020  |a 1  |e BOA001  |j MZK50  |s P 
996 7 |b 3119818657  |c PK-N-0031.297  |l MZK  |r Sklad / do 1 hodiny  |n 8  |w 000006116  |u 000030  |a 1  |e BOA001  |j MZK50  |s A